000 00441nam a22001577a 4500
005 20200517115645.0
008 200517b xxu||||| |||| 00| 0 eng d
020 _a9788123923956
041 _aeng
082 _a615 MAL
100 _aMALVIYA SAPNA
_95383
245 _aTextbook of pharmacognosy and phytochemistry
_cSpana Malviya
260 _aNew Delhi
_bC.B S Publishers and Distributors
_c2020, v
650 _aPharmacu
_95384
942 _cBK
999 _c6206
_d6204